Sáng ngời Hồ Chí Minh những bài viết tâm đắc : (của các giáo sư, tiến sĩ, nhà nghiên cứu ... trong cả nước)
Nội dung cuốn sách được chia làm hai phần: Chân dung Hồ Chí Minh và Di sản Hồ Chí Minh
保存先:
| 第一著者: | |
|---|---|
| フォーマット: | 図書 |
| 言語: | Undetermined |
| 出版事項: |
Hà Nội
Công an Nhân dân
2005
|
| 主題: | |
| タグ: |
タグ追加
タグなし, このレコードへの初めてのタグを付けませんか!
|
| Thư viện lưu trữ: | Trung tâm Học liệu Trường Đại học Cần Thơ |
|---|
| LEADER | 00887nam a2200229Ia 4500 | ||
|---|---|---|---|
| 001 | CTU_125910 | ||
| 008 | 210402s9999 xx 000 0 und d | ||
| 020 | |c 45000 | ||
| 082 | |a 895.9221 | ||
| 082 | |b H407 | ||
| 100 | |a Phan, Văn Hoàng | ||
| 245 | 0 | |a Sáng ngời Hồ Chí Minh những bài viết tâm đắc : | |
| 245 | 0 | |b (của các giáo sư, tiến sĩ, nhà nghiên cứu ... trong cả nước) | |
| 245 | 0 | |c Phan Văn Hoàng (chủ biên) | |
| 260 | |a Hà Nội | ||
| 260 | |b Công an Nhân dân | ||
| 260 | |c 2005 | ||
| 520 | |a Nội dung cuốn sách được chia làm hai phần: Chân dung Hồ Chí Minh và Di sản Hồ Chí Minh | ||
| 650 | |a Ho Chi Minh,Vietnamese poetry | ||
| 650 | |x Biography,20th century | ||
| 904 | |i Quang Hiếu | ||
| 980 | |a Trung tâm Học liệu Trường Đại học Cần Thơ | ||